000 nam a22 7a 4500
999 _c7823
_d7823
008 171025b xxu||||| |||| 00| 0 eng d
100 _aMoni A S
_94297
245 _aHuman Anatomy and Physiology
260 _aSaudi Arabia
_bThanukrishnan Printing technology
_c2006